| 000 | 00469nam a22001577a 4500 | ||
|---|---|---|---|
| 005 | 20230216065228.0 | ||
| 008 | 230216b |||||||| |||| 00| 0 eng d | ||
| 020 | _a971-815-025-0 | ||
| 082 | _aFil. 344.59907 L425 2000 | ||
| 245 | _aLaws on education | ||
| 260 |
_aQuezon City: _bNeo Asia Publishing, _cc2000 |
||
| 300 | _a271p. | ||
| 504 | _aIncludes index | ||
| 541 | _e1257 c.1, 1258 c.2, 1259 c.3, 1260 c.4 | ||
| 650 | _aEducation - Philippines - Laws and legislation | ||
| 999 |
_c1197 _d1197 |
||